Normal view
MARC view
Entry Término temático
001 - NÚMERO DE CONTROL
- campo de control: 163117
003 - IDENTIFICADOR DEL NÚMERO DE CONTROL
- campo de control: OSt
005 - FECHA Y HORA DE LA ÚLTIMA TRANSACCIÓN
- campo de control: 20220127160741.0
008 - DATOS DE LONGITUD FIJA
- campo de control de longitud fija: 220127|| aca||aabn | a|a d
040 ## - FUENTE DE LA CATALOGACIÓN
- Centro catalogador/agencia de origen: OSt
- Centro/agencia transcriptor: OSt
150 ## - ENCABEZAMIENTO--TÉRMINO DE MATERIA
- Término de materia o nombre geográfico como elemento de entrada: Foods
- Subdivisión general: Trade and manufacture
- Subdivisión general: Congresses
670 ## - FUENTE DE DATOS ENCONTRADOS
- Cita de la fuente: Work cat.: (OSt)178836: International Symposium on Perspective of the Agri-food System in the new Millennium (4° : 2001 Sep. 5-8 : Bologna, Italia) 163115, Abstract book /, 2001
